| 000 | 00444nam a22001577a 4500 | ||
|---|---|---|---|
| 022 | _a8123909896 | ||
| 082 |
_a624.18341 _bRAJ _cL-38,P-87 |
||
| 100 |
_aRaju, N.Krishna _918310 |
||
| 245 |
_aDesign of reinforced concrete structures / _cN.Krishna Raju |
||
| 250 | _a3rd ed. | ||
| 260 |
_aNew Delhi : _bCBS Publishers, _c1984. |
||
| 300 | _axiv, 290 p. : | ||
| 526 |
_a0 _b0 _c0 _d624_183410000000000_RAJ |
||
| 650 |
_aMCE _9379 |
||
| 942 |
_2ddc _cBK |
||
| 999 |
_c547059 _d547059 |
||